00641nam a2200217Ia 450000500170000000800410001702000100005804000190006804100120008708200160009910000170011524500530013226000430018530000130022865000270024165100200026885000100028894200070029899900160030595201020032120230120114257.0131103s9999 xx 000 0 und d cRs.15 aLoreto College aEnglish a954.01bGHO aGhoshal,U.N. 4aThe Agarian System in Ancient IndiacU.N.Ghoshal aCalcuttabUniversity Of Calcuttac1986 a123,[7]  aAncient Indian History aIndia - History aLCLIB cBK c9230d59709 00102ddc4070aMAINbMAINd2013-11-04l0o954.01 GHO 38453pB9106r2013-11-04w2013-11-04yBKf